| 000 | 01722cam a22004574i 4500 | ||
|---|---|---|---|
| 003 | PE-LiUPU | ||
| 005 | 20250731173122.0 | ||
| 008 | 150623s r 000 0 d | ||
| 020 | _a9879403177 | ||
| 035 | _a(Sirsi) i9789879403174 | ||
| 040 |
_aPE-LiUPU _bspa _cPE-LiUPU _erda |
||
| 049 | _aPRUA | ||
| 082 | 0 | 4 |
_a270.9 _bG69H _221 |
| 100 | 1 |
_aGonzález, Justo L., _eautor. |
|
| 245 | 1 | 3 |
_aLa historia también tiene su historia : _bun día comparte al otro la noticia / _cJusto L. González. |
| 264 | 1 |
_aBuenos Aires : _bKairós Ediciones, _c2001. |
|
| 300 |
_a117 páginas : _bilustraciones, gráficos ; _c21 centímetros |
||
| 336 |
_atext _2rdacontent |
||
| 337 |
_aunmediated _2rdamedia |
||
| 338 |
_avolume _2rdacarrier |
||
| 504 | _aIncluye bibliografía. | ||
| 505 | 0 | _a¿De quién sería la historia de Israel?. -¿De quién sería la historia grecorromana?. -¿De quién sería la historia secualar?. -¿De quién sería la historia de la iglesia?. -¿Cuál será el futuro de la historia?. | |
| 526 | _aSEG42 | ||
| 526 | _aSEG41 | ||
| 526 | _aSEG40 | ||
| 526 | _aSEG39 | ||
| 526 | _aP94 | ||
| 526 | _aP87 | ||
| 526 | _aP86 | ||
| 526 | _aP85 | ||
| 526 | _aP77 | ||
| 526 | _aP76 | ||
| 526 | _aP35 | ||
| 650 | 0 | 4 |
_aIglesia _xHistoria _yÉpoca contemporánea. |
| 942 |
_2ddc _cBOOK |
||
| 949 |
_a270.9 G69H _wDEWEY _c1 _i49632 _lCCODEBUL1 _mBUL _r0 _sY _tBOOK _u2015-6-24 _xTEOLOGIA _zUNKNOWN _0COMPRA _o.STAFF. Colección General |
||
| 994 |
_aC0 _bPEPRU |
||
| 596 | _a1 | ||
| 999 |
_a270.9 G69H _wDEWEY _c32463 _i49632 _d32463 _f2021-11-11 _g5 _lCCODEBUL1 _mBUL _q1 _r0 _sY _tBOOK _u2015-6-24 _xTEOLOGIA _zUNKNOWN _0COMPRA _o.STAFF. Colección General |
||
| 980 |
_81 _gALBERTO SANCHEZ Responsable de Automatización |
||